| 000 | 00875cab a22002415a 4500 | ||
|---|---|---|---|
| 001 | L159994 | ||
| 008 | 150113e2016 xxk 000 0 eng d | ||
| 035 | _a(Sirsi) u159994 | ||
| 041 | 0 | _aeng | |
| 050 | _a692.241 $2 18 | ||
| 100 | 1 | _aWilliams, John | |
| 245 | 0 | 0 |
_aKnowledge base _h[electronic resource] |
| 260 |
_aLondon _bRICS _c2016 |
||
| 490 |
_aRICS Building Surveying Journal _vOctober 2016 - November 2016, 32-33(2) |
||
| 520 | _aLooks at how specialist investigations can help in the refurbishment of heritage buildings | ||
| 650 | 2 | 4 |
_aRefurbishment _96264 |
| 650 | 2 | 4 | _aINSPECTION TECHNIQUES |
| 650 | 2 | 4 | _aHistoric buildings |
| 690 | _aConservation and restoration | ||
| 700 | _aMurgatroyd, Jennifer | ||
| 856 | 4 | 0 |
_uhttps://www.rics.org/Global/BSJ-BCJ%20Oct%20Nov%202016%20Interactive.pdf _zView the article free of charge at www.rics.org... |
| 942 | _n0 | ||
| 999 |
_c85111 _d85111 |
||